[Event "Offene Hessische Senioren Einzelmeisters"]
[Site "Bad Sooden- Allendorf"]
[Date "2011.05.08"]
[Round "9.3"]
[White "van den Berg, Ad"]
[Black "Ghijsen, Pim"]
[Result "0-1"]
[WhiteElo "2220"]
[BlackElo "2194"]
[PlyCount "96"]
[EventDate "2011.??.??"]

1. e4 c5 2. Nc3 e6 3. Nge2 a6 4. g3 Nc6 5. Bg2 Nf6 6. O-O Be7 7. d4 cxd4 8.
Nxd4 d5 9. Nxc6 bxc6 10. e5 Nd7 11. Re1 O-O 12. Bh3 Rb8 13. a3 Qc7 14. Qh5 Bb7
15. Bf4 Ba8 16. b3 Bc5 17. Na4 Be7 18. Bf1 a5 19. g4 Rfe8 20. Re3 g6 21. Qh6
Bf8 22. Qh4 Be7 23. Bg5 Bxg5 24. Qxg5 c5 25. Rae1 c4 26. Rg3 cxb3 27. cxb3 Rbc8
28. Bb5 Bc6 29. Bxc6 Qxc6 30. Qh6 Qc2 31. Rh3 Nf8 32. Qe3 Rc6 33. Qd4 Rec8 34.
Rd3 Rb8 35. Ree3 Qc1+ 36. Kg2 Qxa3 37. Qa7 Qb4 38. Rf3 Rb7 39. Qa8 Qxg4+ 40.
Rg3 Qe4+ 41. Rgf3 Qb4 42. h3 Rbc7 43. Rde3 Rc1 44. Qa6 Qd2 45. Rf6 Qd1 46. Qxa5
Qg1+ 47. Kf3 R7c2 48. Re2 Qh1+ 0-1

[Event "Offene Hessische Senioren Einzelmeisters"]
[Site "Bad Sooden- Allendorf"]
[Date "2011.05.08"]
[Round "9.4"]
[White "Jongsma, Lex"]
[Black "Haubt, Georg"]
[Result "1/2-1/2"]
[WhiteElo "2196"]
[BlackElo "2207"]
[PlyCount "46"]
[EventDate "2011.??.??"]

1. e4 d5 2. Nc3 dxe4 3. Nxe4 Qd5 4. Qf3 Nc6 5. c3 e5 6. d3 f5 7. Nd2 Qf7 8. Nc4
Be6 9. Qe2 Bxc4 10. dxc4 Nf6 11. Nf3 O-O-O 12. g3 e4 13. Ng5 Qg8 14. Bh3 g6 15.
O-O Kb8 16. Bg2 h6 17. Nh3 g5 18. Kh1 g4 19. Nf4 Ne5 20. b3 h5 21. h4 gxh3 22.
Nxh3 h4 23. Bg5 Be7 1/2-1/2

[Event "Offene Hessische Senioren Einzelmeisters"]
[Site "Bad Sooden- Allendorf"]
[Date "2011.05.08"]
[Round "9.5"]
[White "Wünsch, Ulrich"]
[Black "van Geffen, Ben"]
[Result "1-0"]
[WhiteElo "2142"]
[BlackElo "2135"]
[PlyCount "47"]
[EventDate "2011.??.??"]

1. d4 Nf6 2. Nf3 e6 3. e3 b6 4. Bd3 Bb7 5. Nbd2 d5 6. O-O Be7 7. c4 O-O 8. b3
Nbd7 9. Bb2 c5 10. Rc1 Rc8 11. Qe2 Re8 12. Rfd1 Rc7 13. Ne5 Nf8 $11 14. Ndf3
Qa8 15. cxd5 Nxd5 16. dxc5 Rxc5 17. Rxc5 bxc5 18. Nxf7 Kxf7 19. Ne5+ Kg8 20.
Qh5 Ng6 21. Nxg6 hxg6 22. Bxg6 Bf6 23. Rxd5 Bxb2 24. Rd7 1-0

[Event "Offene Hessische Senioren Einzelmeisters"]
[Site "Bad Sooden- Allendorf"]
[Date "2011.05.08"]
[Round "9.6"]
[White "Rädeker, Bernd"]
[Black "Villing, Dieter"]
[Result "1/2-1/2"]
[WhiteElo "2220"]
[BlackElo "2223"]
[PlyCount "89"]
[EventDate "2011.??.??"]

1. c4 e5 2. g3 g6 3. Bg2 Bg7 4. Nc3 d6 5. e3 Nc6 6. Rb1 Nf6 7. b4 O-O 8. b5 Ne7
9. Nge2 Be6 10. Bxb7 Bxc4 11. d3 $11 Be6 12. Bg2 Ned5 13. O-O Qd7 14. d4 exd4
15. Nxd5 Nxd5 16. exd4 Rab8 17. Qa4 Nb6 18. Qc2 Bf5 19. Be4 Bxe4 20. Qxe4 Rfe8
21. Qd3 Qe6 22. Nc3 Nd5 23. Bd2 Nxc3 24. Bxc3 Qxa2 25. Ra1 Qe2 26. Qxe2 Rxe2
27. Rxa7 Rc2 28. Ba5 Bxd4 29. Rxc7 Ra2 30. Bb4 Rxb5 31. Bxd6 Rbb2 32. Rc8+ Kg7
33. Bc5 Bxc5 34. Rxc5 h5 35. h4 Kf6 36. Rc4 Ke5 37. Re1+ Kd5 38. Rf4 f5 39.
Rd1+ Rd2 40. Rxd2+ Rxd2 41. Ra4 Rd4 42. Ra6 Rg4 43. Kg2 f4 44. Kf3 fxg3 45.
fxg3 1/2-1/2

[Event "Offene Hessische Senioren Einzelmeisters"]
[Site "Bad Sooden- Allendorf"]
[Date "2011.05.08"]
[Round "9.7"]
[White "Rüberg, Jobst"]
[Black "Baum, Dr. Bernd"]
[Result "0-1"]
[WhiteElo "2143"]
[BlackElo "2267"]
[PlyCount "30"]
[EventDate "2011.??.??"]

1. e4 c5 2. Nf3 g6 3. d4 cxd4 4. Qxd4 Nf6 5. Bb5 a6 6. e5 axb5 7. exf6 Nc6 8.
Qh4 e6 9. O-O Ra4 10. Qg5 d5 11. b3 h6 12. Qd2 Qxf6 13. bxa4 Qxa1 14. axb5 Ne7
15. c3 Qxb1 0-1

[Event "Offene Hessische Senioren Einzelmeisters"]
[Site "Bad Sooden- Allendorf"]
[Date "2011.05.08"]
[Round "9.8"]
[White "Vogel, Jaap"]
[Black "Hobusch, Werner"]
[Result "1/2-1/2"]
[WhiteElo "2216"]
[BlackElo "2150"]
[PlyCount "59"]
[EventDate "2011.??.??"]

1. d4 Nf6 2. Nf3 e6 3. g3 b6 4. Bg2 Bb7 5. O-O Be7 6. c4 O-O 7. Nc3 Ne4 8. Bd2
f5 9. d5 exd5 10. Nxd5 Nc6 11. Bf4 Bd6 12. Bxd6 Nxd6 13. Rc1 Ne4 14. Nd2 Nxd2
15. Qxd2 Rb8 16. Rfd1 d6 17. f4 Kh8 18. Re1 Ne7 19. e4 Nxd5 20. cxd5 fxe4 21.
Bh3 Bc8 22. Bxc8 Rxc8 23. Rxe4 Qd7 24. Re6 c5 25. Rce1 Rc7 26. f5 Qf7 27. g4
Rd7 28. Qf4 Rfd8 29. g5 Qh5 30. Kg2 {weitere 27 Züge nicht rekonstruierbar}
1/2-1/2

[Event "Offene Hessische Senioren Einzelmeisters"]
[Site "Bad Sooden- Allendorf"]
[Date "2011.05.08"]
[Round "9.9"]
[White "Stimpel, Franz"]
[Black "Zunker, Dr. Reinhard"]
[Result "1/2-1/2"]
[WhiteElo "2189"]
[BlackElo "2211"]
[PlyCount "47"]
[EventDate "2011.??.??"]

1. d4 Nf6 2. c4 g6 3. Nc3 Bg7 4. e4 d6 5. Be2 O-O 6. Bg5 Na6 7. Qd2 c6 8. Nf3
Nc7 9. O-O d5 10. Bxf6 exf6 11. exd5 cxd5 12. c5 f5 13. Rfd1 h6 14. b4 Ne6 15.
a4 g5 16. Nb5 g4 17. Ne5 a5 18. Nd6 Ng5 19. f3 axb4 20. Qxb4 gxf3 21. Bxf3 Ne4
22. Bxe4 fxe4 23. Qb3 Be6 24. a5 1/2-1/2

[Event "Offene Hessische Senioren Einzelmeisters"]
[Site "Bad Sooden- Allendorf"]
[Date "2011.05.08"]
[Round "9.10"]
[White "Lindner, Jan-Joost"]
[Black "Kripp, Wolfgang"]
[Result "1-0"]
[WhiteElo "2155"]
[BlackElo "2153"]
[PlyCount "47"]
[EventDate "2011.??.??"]

1. f4 d5 2. Nf3 Nf6 3. e3 Bg4 4. Be2 Bxf3 5. Bxf3 c6 6. O-O Nbd7 7. d3 e5 8. e4
Qb6+ 9. Kh1 Bd6 10. exd5 cxd5 11. Nc3 d4 12. Nd5 Nxd5 13. Bxd5 O-O 14. f5 Nf6
15. Bb3 h6 16. Qf3 Kh8 17. Qh3 Kh7 18. g4 Qc6+ 19. Kg1 Nd5 20. Bxd5 Qxd5 21. g5
Rg8 22. g6+ Kh8 23. Bxh6 Rgc8 24. Bg5+ 1-0

[Event "Offene Hessische Senioren Einzelmeisters"]
[Site "Bad Sooden- Allendorf"]
[Date "2011.05.08"]
[Round "9.11"]
[White "Hunold, Rolf"]
[Black "Knaak, Joachim"]
[Result "0-1"]
[WhiteElo "2122"]
[BlackElo "2190"]
[PlyCount "130"]
[EventDate "2011.??.??"]

1. e4 c5 2. Nf3 d6 3. Bb5+ Bd7 4. Bxd7+ Qxd7 5. O-O Nc6 6. Re1 Nf6 7. c3 e6 8.
d4 cxd4 9. cxd4 d5 10. e5 Ne4 11. Nbd2 Nxd2 12. Bxd2 Be7 13. Rc1 O-O 14. Re3
Rac8 15. Rec3 a6 16. R3c2 h6 17. h3 Na7 18. Rxc8 $11 Rxc8 19. Rxc8+ Qxc8 20.
Qc1 Qc4 21. Qxc4 dxc4 22. Kf1 Nb5 23. Ba5 b6 24. Bxb6 c3 25. bxc3 Nxc3 26. Ba5
Nxa2 27. Ke2 Nc1+ 28. Kd1 Nd3 29. Kc2 Nxf2 30. Bb6 Ne4 31. Kb3 f5 32. exf6 Bxf6
33. Ka4 Nc3+ 34. Ka5 Nd5 35. Kxa6 Nf4 36. Ne1 Bh4 37. Bc7 Nd5 38. Ba5 Bxe1 39.
Bxe1 Nf4 40. Bd2 Nxg2 41. Kb6 Kf7 42. Kc5 Kg6 43. d5 exd5 44. Kxd5 Kf5 45. Kd4
Nf4 46. Ke3 Nxh3 47. Kf3 Ng5+ 48. Kg3 g6 49. Kg2 Nf7 50. Kg3 g5 51. Bc3 Nd6 52.
Bd4 Ne4+ 53. Kf3 h5 54. Be3 g4+ 55. Kg2 h4 56. Bc1 Nd6 57. Ba3 Nc4 58. Be7 h3+
59. Kg3 Nd2 60. Bb4 Ne4+ 61. Kh2 Kf4 62. Be1 Kf3 63. Bh4 Nd2 64. Be1 Ke2 65.
Bg3 Nf1+ 0-1

[Event "Offene Hessische Senioren Einzelmeisters"]
[Site "Bad Sooden- Allendorf"]
[Date "2011.05.08"]
[Round "9.12"]
[White "Arp, Frans"]
[Black "Haselhorst, Helmut"]
[Result "1-0"]
[WhiteElo "2101"]
[BlackElo "2119"]
[PlyCount "87"]
[EventDate "2011.??.??"]

1. e4 Nf6 2. e5 Nd5 3. d4 d6 4. Bc4 c6 5. Nf3 Bg4 6. h3 Bxf3 7. Qxf3 dxe5 8.
dxe5 e6 9. O-O g6 10. Nc3 Bg7 11. Qg3 Nd7 12. f4 Nxc3 13. bxc3 Nb6 14. Be2 O-O
15. Ba3 Re8 16. Rad1 Qc8 17. c4 c5 18. Qe3 Bf8 19. Rd2 Qc7 20. Rfd1 Rac8 21.
Rd6 f5 22. g4 Bxd6 23. exd6 Qg7 24. Bxc5 Nd7 25. Bd4 e5 26. fxe5 Nxe5 27. d7
Qxd7 28. Bxe5 Qe7 29. Rd5 Rc6 30. gxf5 gxf5 31. Bh5 Qg7+ 32. Bxg7 Rxe3 33. Bd4
Rg3+ 34. Kh2 Rgg6 35. Bxg6 hxg6 36. Rd8+ Kf7 37. Rd7+ Ke6 38. Rxb7 Rxc4 39. c3
f4 40. Rxa7 Kf5 41. Kg2 g5 42. Kf3 Rc6 43. Ra5+ Kg6 44. Kg4 1-0

[Event "Offene Hessische Senioren Einzelmeisters"]
[Site "Bad Sooden- Allendorf"]
[Date "2011.05.08"]
[Round "9.13"]
[White "Reinhold, Dr. Klaus"]
[Black "Achenbach, Manfred"]
[Result "1-0"]
[WhiteElo "2114"]
[BlackElo "2160"]
[PlyCount "79"]
[EventDate "2011.??.??"]

1. d4 c5 2. d5 e5 3. e4 d6 4. Bb5+ Bd7 5. Qe2 a6 6. Bxd7+ Nxd7 7. a4 Be7 8. Nf3
Ngf6 9. Nc3 Nf8 10. Nd2 Ng6 11. Nc4 O-O 12. O-O Nd7 13. g3 Rb8 14. a5 Nf6 15.
f4 exf4 16. Bxf4 Qd7 17. Rad1 Rbe8 18. Qf3 Nxf4 19. gxf4 Qg4+ 20. Qxg4 Nxg4 21.
e5 Rd8 22. Ne4 f5 23. Nexd6 Bxd6 24. h3 Nf6 25. Nxd6 Rd7 26. Nxf5 Ne4 27. e6
Nd6 28. exd7 Nxf5 29. Rfe1 Kf7 30. Re8 Rxe8 31. dxe8=Q+ Kxe8 32. c3 Kd7 33. Kf2
Kd6 34. Kf3 c4 35. Re1 Nh4+ 36. Kg4 Ng6 37. Kf3 Kxd5 38. Re8 Nh4+ 39. Kg4 Ng2
40. Re2 1-0

[Event "Offene Hessische Senioren Einzelmeisters"]
[Site "Bad Sooden- Allendorf"]
[Date "2011.05.08"]
[Round "9.14"]
[White "Lang, Ferdinand"]
[Black "Heinzel, Peter"]
[Result "0-1"]
[WhiteElo "2125"]
[BlackElo "2078"]
[PlyCount "118"]
[EventDate "2011.??.??"]

1. e4 b6 2. d4 Bb7 3. Nc3 e6 4. Nf3 Bb4 5. Bd3 Ne7 6. a3 Bxc3+ 7. bxc3 d6 8.
O-O Nd7 9. Qe2 Ng6 10. a4 a5 11. g3 O-O 12. Ng5 h6 13. Nh3 e5 14. f3 Qc8 15.
Nf2 Ba6 16. Be3 Bxd3 17. cxd3 Qe8 18. dxe5 dxe5 19. d4 Rc8 20. f4 f6 21. f5 Nh8
22. g4 Nf7 23. h4 Qe7 24. Kh2 Kh7 25. Rg1 Rh8 26. Rg3 exd4 27. cxd4 c5 28. g5
hxg5 29. hxg5 Kg8+ 30. Kg2 fxg5 31. e5 Ndxe5 32. dxe5 Qxe5 33. Re1 Qxf5 34. Qc4
Rh4 35. Ng4 Rd8 36. Bc1 Rd4 37. Qe6 Qxe6 38. Rxe6 Rdxg4 39. Rxb6 Rxg3+ 40. Kxg3
Rxa4 41. Rb5 Nd6 42. Rb6 Nf5+ 43. Kf2 g4 44. Rc6 Rc4 45. Ba3 Rc2+ 46. Kg1 Nd4
47. Rxc5 Rxc5 48. Bxc5 Ne6 49. Bd6 Kf7 50. Kg2 Kf6 51. Kg3 Kf5 52. Ba3 a4 53.
Bb2 g6 54. Bc1 Nc5 55. Kg2 Nd3 56. Ba3 Ne5 57. Kg3 Nc4 58. Bb4 a3 59. Bc5 a2
0-1

[Event "Offene Hessische Senioren Einzelmeisters"]
[Site "Bad Sooden- Allendorf"]
[Date "2011.05.08"]
[Round "9.16"]
[White "Lenk, Wolfgang"]
[Black "Mentel, Dr. Jürgen"]
[Result "1/2-1/2"]
[WhiteElo "2238"]
[BlackElo "2129"]
[PlyCount "43"]
[EventDate "2011.??.??"]

1. e4 c5 2. Nf3 a6 3. c4 Nc6 4. d4 cxd4 5. Nxd4 Nf6 6. Nc3 e6 7. Be2 Qc7 8. O-O
Be7 9. Be3 O-O 10. Kh1 d6 11. Rc1 Bd7 12. f4 Nxd4 13. Qxd4 Bc6 14. Nd5 Qd8 15.
Nxe7+ Qxe7 16. Bf3 e5 17. Qd3 exf4 18. Bxf4 Nxe4 19. Bxe4 Qxe4 20. Qxe4 Bxe4
21. Bxd6 Rfc8 22. Rfe1 1/2-1/2

[Event "Offene Hessische Senioren Einzelmeisters"]
[Site "Bad Sooden- Allendorf"]
[Date "2011.05.08"]
[Round "9.17"]
[White "Franck, Rudolf"]
[Black "Romanow, Werner"]
[Result "1-0"]
[WhiteElo "2202"]
[BlackElo "2097"]
[PlyCount "107"]
[EventDate "2011.??.??"]

1. d4 Nf6 2. c4 c5 3. d5 b5 4. cxb5 a6 5. bxa6 g6 6. g3 Bxa6 7. Bg2 d6 8. Bd2
Bg7 9. Bc3 Nbd7 10. e4 O-O 11. Ne2 Qb6 12. O-O Rfb8 13. h3 Bxe2 14. Qxe2 Qa6
15. Re1 Nb6 16. b3 Qxe2 17. Rxe2 Ra7 18. Nd2 Nfd7 19. Bxg7 Kxg7 20. f4 Rba8 21.
Nc4 Nxc4 22. bxc4 Ra3 23. Rb2 Nf6 24. g4 R8a4 25. e5 Nd7 26. Rb7 Ra7 27. Rxa7
Rxa7 28. exd6 exd6 29. Bf1 Ra3 30. g5 Kf8 31. h4 Ke7 32. Rb1 Rxa2 33. Rb7 Ra1
34. Kf2 Ra2+ 35. Ke3 Ra3+ 36. Bd3 Kd8 37. h5 Kc8 38. Rb1 Kd8 39. Kd2 Ra2+ 40.
Bc2 Ra3 41. hxg6 hxg6 42. Bb3 Ke7 43. Bd1 Ra7 44. Bg4 Kf8 45. Rb2 Ke7 46. Ke3
Kf8 47. Kf3 Ke7 48. Bh3 Kf8 49. Ke3 Ke7 50. Ke4 Kf8 51. Bxd7 Rxd7 52. f5 Re7+
53. Kf4 gxf5 54. Rb6 {weitere 8Züge nicht rekonstruierbar} 1-0

[Event "Offene Hessische Senioren Einzelmeisters"]
[Site "Bad Sooden- Allendorf"]
[Date "2011.05.08"]
[Round "9.18"]
[White "Peleikis, Horst"]
[Black "Just, Fred"]
[Result "1/2-1/2"]
[WhiteElo "2064"]
[BlackElo "2198"]
[PlyCount "29"]
[EventDate "2011.??.??"]

1. e4 c6 2. d4 d5 3. Nd2 dxe4 4. Nxe4 Nf6 5. Nxf6+ gxf6 6. c3 Bf5 7. Bd3 Bg6 8.
Nf3 e6 9. Bf4 Nd7 10. O-O Be7 11. Re1 Qa5 12. a4 O-O 13. g4 Kh8 14. b4 Qd8 15.
Bxg6 1/2-1/2

[Event "Offene Hessische Senioren Einzelmeisters"]
[Site "Bad Sooden- Allendorf"]
[Date "2011.05.08"]
[Round "9.19"]
[White "Kotlar, Alfred"]
[Black "Weyrauch, Erich"]
[Result "0-1"]
[WhiteElo "2068"]
[BlackElo "2184"]
[PlyCount "120"]
[EventDate "2011.??.??"]

1. d4 d5 2. Nf3 Nf6 3. Bf4 Nbd7 4. Nbd2 e6 5. e3 Be7 6. h3 c5 7. c3 b6 8. Ne5
Nxe5 9. Bxe5 O-O 10. Be2 Nd7 11. Bg3 Bb7 12. O-O a5 13. Bd3 Ba6 14. Nf3 Bxd3
15. Qxd3 c4 16. Qc2 b5 17. e4 Nb6 18. exd5 exd5 19. Rfe1 Bf6 20. Be5 Nd7 21.
Bf4 Ra6 22. Qf5 Nb6 23. Be5 Na4 24. Qc2 Bxe5 25. dxe5 Nc5 26. Re2 Rg6 27. Rd1
Nd3 28. Rxd3 cxd3 29. Qxd3 Qd7 30. Nd4 b4 31. f4 bxc3 32. Qxc3 Qa4 33. b3 Qb4
34. Qd3 Qc5 35. Kh2 Qc1 36. f5 Rh6 37. Rc2 Qf4+ 38. g3 Qxe5 39. Re2 Qb8 40. Kg2
Rb6 41. g4 a4 42. Rf2 axb3 43. axb3 Qb7 44. f6 Qa6 45. Qxa6 Rxa6 46. fxg7 Kxg7
47. Nf5+ Kf6 48. Ne3+ Ke6 49. Rf5 Rd6 50. Rf3 Rb8 51. g5 Rd7 52. Ng4 Kd6 53.
Nf6 Re7 54. Nxh7 Kc5 55. Nf6 Rb4 56. Rf5 Rd4 57. h4 Rb7 58. h5 Rxb3 59. g6 fxg6
60. hxg6 Rdd3 0-1

[Event "Offene Hessische Senioren Einzelmeisters"]
[Site "Bad Sooden- Allendorf"]
[Date "2011.05.08"]
[Round "9.20"]
[White "Niebling, Ferdinand"]
[Black "Mann, Klaus-Dieter"]
[Result "1-0"]
[WhiteElo "2189"]
[BlackElo "2116"]
[PlyCount "101"]
[EventDate "2011.??.??"]

1. d4 Nf6 2. c4 g6 3. Nc3 Bg7 4. g3 d6 5. Nf3 c6 6. Bg2 O-O 7. O-O Nbd7 8. e4
e5 9. h3 Re8 10. Be3 Qc7 11. Qc2 a5 12. Rad1 a4 13. Rfe1 Qa5 14. d5 Bf8 15. Bd2
Qa7 16. b4 axb3 17. axb3 Kg7 18. Bc1 Ng8 19. Be3 Qa5 20. Qb2 Qc7 21. Ra1 Rxa1
22. Rxa1 Ndf6 23. dxc6 bxc6 24. Ra7 Bb7 25. Ne1 Ne7 26. Nd3 Nc8 27. Ra1 Nd7 28.
Na4 f6 29. f4 Kg8 30. Qf2 Bg7 31. Rd1 Nb8 32. Qd2 c5 33. Nc3 Nc6 34. Nd5 Qb8
35. b4 cxb4 36. N3xb4 Rf8 37. Rb1 Qa8 38. Nc7 Qa5 39. Ne6 Re8 40. Nxg7 Kxg7 41.
Nxc6 Qxd2 42. Rxb7+ Re7 43. Rxe7+ Nxe7 44. Bxd2 Nxc6 45. Bc3 Kf7 46. Kf2 Ke7
47. Ke3 Kd7 48. Bf3 Kc7 49. Bd1 Kb6 50. Ba4 Ne7 51. Bb4 1-0

[Event "Offene Hessische Senioren Einzelmeisters"]
[Site "Bad Sooden- Allendorf"]
[Date "2011.05.08"]
[Round "9.21"]
[White "Petzold, Dr. Hans"]
[Black "Schlachetka, Werner"]
[Result "1/2-1/2"]
[WhiteElo "2157"]
[BlackElo "2091"]
[PlyCount "90"]
[EventDate "2011.??.??"]

1. e4 c5 2. Nc3 Nc6 3. f4 d6 4. Bb5 Bd7 5. Nf3 g6 6. O-O Bg7 7. Bxc6 Bxc6 8. d3
e6 9. Qe1 Nh6 10. f5 Ng4 11. h3 Ne5 12. fxe6 Nxf3+ 13. Rxf3 fxe6 14. Qg3 Rf8
15. Bf4 e5 16. Bd2 Rxf3 17. Qxf3 Qf6 18. Qg3 Kd7 19. Rf1 Qe6 20. Qh4 h6 21. Nd5
g5 22. Qh5 Rf8 23. Rxf8 Bxf8 24. Qf3 Be7 25. c4 Bxd5 26. exd5 Qg6 27. g4 Bd8
28. Kf2 Qf6 29. Qxf6 Bxf6 30. Ke3 Ke7 31. Ke4 Kf7 32. b4 b6 33. bxc5 bxc5 34.
Ba5 Kg6 35. Bc7 Be7 36. Ke3 Kf6 37. Kd2 Bf8 38. Bd8+ Be7 39. Ba5 Bf8 40. Ke3
Be7 41. Ke4 Kg6 42. Bc7 Kf6 43. a4 a6 44. Ba5 Kg6 45. Ke3 Kf6 1/2-1/2

[Event "Offene Hessische Senioren Einzelmeisters"]
[Site "Bad Sooden- Allendorf"]
[Date "2011.05.08"]
[Round "9.22"]
[White "Oud, Niek"]
[Black "Kneschke, Hansjürgen"]
[Result "1-0"]
[WhiteElo "2023"]
[BlackElo "1871"]
[PlyCount "97"]
[EventDate "2011.??.??"]

1. d4 e6 2. c4 d5 3. Nc3 Nf6 4. Bg5 Nbd7 5. Nf3 Be7 6. e3 c6 7. Qc2 h6 8. Bh4
O-O 9. Bd3 dxc4 10. Bxc4 Nd5 11. Bg3 N7b6 12. Bb3 Bd6 13. Bxd6 Qxd6 14. O-O
Nxc3 15. bxc3 Nd7 16. Rad1 b6 17. Rfe1 Bb7 18. e4 Rfe8 19. e5 Qc7 20. Nd2 c5
21. Nc4 Red8 22. Nd6 Nf8 23. Qd3 cxd4 24. cxd4 Rab8 25. Re3 Ba8 26. Rg3 Qe7 27.
Qe3 Kh8 28. Qf4 Rd7 29. Rc1 Ng6 30. Nxf7+ Qxf7 31. Qxf7 Rxf7 32. Rxg6 Rd7 33.
f3 Rbd8 34. Bxe6 Rxd4 35. Rc7 Rd1+ 36. Kf2 R1d2+ 37. Kg3 Bd5 38. Bf5 Rf8 39.
Bg4 Bf7 40. Rd6 Rxa2 41. e6 Bg6 42. Rdd7 h5 43. Bh3 a5 44. Rxg7 Rg8 45. Rge7 a4
46. Kf4 Rc2 47. Ra7 b5 48. Rab7 Rc4+ 49. Ke5 1-0

[Event "Offene Hessische Senioren Einzelmeisters"]
[Site "Bad Sooden- Allendorf"]
[Date "2011.05.08"]
[Round "9.23"]
[White "Geisensetter, Franz"]
[Black "Schnaitmann, Herbert"]
[Result "1/2-1/2"]
[WhiteElo "2082"]
[BlackElo "2044"]
[PlyCount "22"]
[EventDate "2011.??.??"]

1. e4 d5 2. exd5 Qxd5 3. Nc3 Qd6 4. Bc4 Nf6 5. d4 c6 6. Nge2 Bf5 7. Bf4 Qd8 8.
d5 cxd5 9. Nxd5 Nxd5 10. Bxd5 Qb6 11. Qd4 Nc6 1/2-1/2

[Event "Offene Hessische Senioren Einzelmeisters"]
[Site "Bad Sooden- Allendorf"]
[Date "2011.05.08"]
[Round "9.24"]
[White "Kahn, Peter"]
[Black "Fleischer, Matthias"]
[Result "1-0"]
[WhiteElo "2083"]
[BlackElo "1892"]
[PlyCount "95"]
[EventDate "2011.??.??"]

1. e4 d6 2. d4 Nf6 3. Nc3 g6 4. Bg5 Bg7 5. e5 Nfd7 6. exd6 cxd6 7. Qd2 Nf6 8.
Nf3 Nc6 9. Bc4 O-O 10. O-O Na5 11. Be2 d5 12. Qf4 a6 13. a4 Nc6 14. Bh6 Nh5 15.
Qd2 Re8 16. Ne5 Nf6 17. Bxg7 Kxg7 18. Bf3 e6 19. Nxc6 bxc6 20. a5 Rb8 21. Na4
Qe7 22. c3 Qc7 23. b4 e5 24. dxe5 Rxe5 25. Qd4 Qe7 26. Nc5 Kg8 $11 27. Qf4 Ra8
28. Nb3 Bb7 29. Nc5 Bc8 30. Qd2 Bg4 31. Bxg4 Nxg4 32. Qd3 Qd6 33. Qg3 Nh6 34.
Rae1 f6 35. Nd3 Nf5 36. Qg4 Ree8 37. Qd1 Red8 38. Nc5 Qb8 39. Re6 Rd6 40. Rfe1
Rxe6 41. Rxe6 d4 42. Qb3 Kg7 43. Rxc6 Ra7 44. Qe6 Qd8 45. Qxf5 gxf5 46. Ne6+
Kg6 47. Nxd8 Rd7 48. Ne6 1-0

[Event "Offene Hessische Senioren Einzelmeisters"]
[Site "Bad Sooden- Allendorf"]
[Date "2011.05.08"]
[Round "9.25"]
[White "Causevic, Ismet"]
[Black "Haase, Wolfgang"]
[Result "0-1"]
[WhiteElo "1946"]
[BlackElo "2100"]
[PlyCount "74"]
[EventDate "2011.??.??"]

1. d4 g6 2. c4 f5 3. Nf3 Nf6 4. Nc3 Bg7 5. e3 O-O 6. Bd3 d6 7. O-O Nc6 8. a3 e5
9. dxe5 dxe5 10. e4 f4 11. Nd5 Bg4 12. Nxf6+ Rxf6 13. Be2 Rd6 14. Qa4 Bxf3 15.
Bxf3 Nd4 16. Bd1 c5 17. Bf3 Nxf3+ 18. gxf3 Rd3 19. Kh1 Qh4 20. Qc2 Rad8 21. Qe2
Qh3 22. Bxf4 exf4 23. Rad1 Qd7 24. Rxd3 Qxd3 25. Re1 Be5 26. Kg2 Qb3 27. Rb1 b6
28. h3 Rd4 29. h4 Rxc4 30. Rd1 Rd4 31. Rxd4 cxd4 32. Qa6 Qf7 33. Qc8+ Kg7 34.
Qg4 d3 35. Kf1 Qc7 36. h5 Bxb2 37. a4 Qd6 0-1

[Event "Offene Hessische Senioren Einzelmeisters"]
[Site "Bad Sooden- Allendorf"]
[Date "2011.05.08"]
[Round "9.26"]
[White "Rüggeberg, Wilhelm"]
[Black "Noble, Alexander"]
[Result "1/2-1/2"]
[WhiteElo "1918"]
[BlackElo "2045"]
[PlyCount "104"]
[EventDate "2011.??.??"]

1. d4 d6 2. Nf3 Bf5 3. Nbd2 Nf6 4. c4 c6 5. e3 e6 6. Be2 h6 7. Qb3 Qb6 8. Qxb6
axb6 9. b3 Na6 10. O-O Nb4 11. Ne1 Rxa2 12. Rxa2 Nxa2 13. Bb2 Nb4 14. f3 d5 15.
g4 Bh7 16. h3 Be7 17. Ng2 Kd7 18. Kf2 Ra8 19. Ra1 Rxa1 20. Bxa1 g5 21. Ne1 Ne8
22. Bc3 Nc7 23. Bxb4 Bxb4 24. Nf1 Bxe1+ 25. Kxe1 Bc2 26. Bd1 Bxd1 27. Kxd1 c5
28. Nd2 Kc6 29. Kc2 b5 30. Kd3 bxc4+ 31. bxc4 b5 32. cxb5+ Nxb5 33. dxc5 Kxc5
34. Nb3+ Kb4 35. Nd2 e5 36. Nf1 Nd6 37. Ng3 Kc5 38. Ne2 e4+ 39. fxe4 dxe4+ 40.
Kc3 f5 41. gxf5 Nxf5 42. Kd2 h5 43. Nc3 Ng3 44. Ke1 Kc4 45. Nd1 Kd3 46. Kf2 Nf5
47. Nb2+ Kc2 48. Na4 Kd2 49. Nc5 Nd6 50. Ne6 g4 51. hxg4 hxg4 52. Kg3 Nf5+
1/2-1/2

[Event "Offene Hessische Senioren Einzelmeisters"]
[Site "Bad Sooden- Allendorf"]
[Date "2011.05.08"]
[Round "9.27"]
[White "Biller, Dr. Helmut"]
[Black "Kempen, Willi"]
[Result "1-0"]
[WhiteElo "2139"]
[BlackElo "2046"]
[PlyCount "54"]
[EventDate "2011.??.??"]

1. d4 d5 2. c4 e6 3. Nc3 Nf6 4. Bg5 Nbd7 5. e3 c6 6. cxd5 exd5 7. Nf3 Be7 8.
Bd3 h6 9. Bh4 O-O 10. Qc2 Re8 11. O-O Ne4 12. Bxe4 Bxh4 13. Bd3 Nf8 14. Ne5 Bf6
15. f4 c5 16. Qf2 cxd4 17. exd4 Bxe5 18. fxe5 Be6 19. Nb5 Re7 20. Nd6 a6 21.
Rac1 Rd7 22. Kh1 Rxd6 23. exd6 Qxd6 24. Bf5 Qd7 25. Bc2 Rc8 26. Bb3 Rxc1 27.
Rxc1 Ng6 1-0

[Event "Offene Hessische Senioren Einzelmeisters"]
[Site "Bad Sooden- Allendorf"]
[Date "2011.05.08"]
[Round "9.28"]
[White "Kopp, Dr. Peter"]
[Black "Kühn, Peter"]
[Result "1-0"]
[WhiteElo "2126"]
[BlackElo "1993"]
[PlyCount "103"]
[EventDate "2011.??.??"]

1. e4 c5 2. c3 Nf6 3. e5 Nd5 4. d4 cxd4 5. Nf3 d6 6. cxd4 e6 7. Nc3 Nxc3 8.
bxc3 Nc6 9. Bb5 Bd7 10. Qe2 Qa5 11. O-O Nxe5 12. Bxd7+ Nxd7 13. Bd2 Be7 14.
Rab1 Qc7 15. Bg5 Nb6 16. a4 O-O 17. a5 Nd5 18. Bxe7 Qxe7 19. Rb3 Rab8 20. Rfb1
Qc7 21. c4 Nf6 22. Qb2 b6 23. axb6 Rxb6 24. Rxb6 axb6 25. Qxb6 Qxb6 26. Rxb6
Ne4 27. Kf1 Rc8 28. Ke2 Kf8 29. Ke3 f5 30. Rb4 Rc7 31. Ne1 Ke7 32. Nd3 g5 33.
f3 Nf6 34. Kd2 Nd7 35. Kc3 e5 36. dxe5 dxe5 37. Rb5 e4 38. fxe4 fxe4 39. Nb4
Rc5 40. Rxc5 Nxc5 41. Kd4 Kd6 42. Nd5 Nb3+ 43. Kxe4 Kc5 44. Ne3 Nd2+ 45. Kf5
Kd4 46. Ng4 Ne4 47. Nf6 Nxf6 48. Kxf6 g4 49. g3 Kxc4 50. Kg7 Kd5 51. Kxh7 Ke4
52. Kg6 1-0

[Event "Offene Hessische Senioren Einzelmeisters"]
[Site "Bad Sooden- Allendorf"]
[Date "2011.05.08"]
[Round "9.30"]
[White "Huhn, Ulrich"]
[Black "Gousseinov, Aguif"]
[Result "1/2-1/2"]
[WhiteElo "2030"]
[BlackElo "1979"]
[PlyCount "29"]
[EventDate "2011.??.??"]

1. d4 d5 2. Nc3 Nf6 3. Bg5 Bf5 4. Nf3 h6 5. Bh4 e6 6. a3 Nbd7 7. e3 c6 8. Bd3
Bxd3 9. Qxd3 Bd6 10. e4 dxe4 11. Nxe4 Qa5+ 12. c3 Nxe4 13. Qxe4 Qb5 14. Qe2
Qxe2+ 15. Kxe2 1/2-1/2

[Event "Offene Hessische Senioren Einzelmeisters"]
[Site "Bad Sooden- Allendorf"]
[Date "2011.05.08"]
[Round "9.31"]
[White "Krebs, Dietmar"]
[Black "Nietsch, Horst"]
[Result "1/2-1/2"]
[WhiteElo "2118"]
[BlackElo "2010"]
[PlyCount "117"]
[EventDate "2011.??.??"]

1. e4 e6 2. d4 d5 3. Nd2 c5 4. exd5 Qxd5 5. Ngf3 cxd4 6. Bc4 Qd6 7. O-O Nf6 8.
Nb3 Nc6 9. Nbxd4 a6 10. Re1 Be7 11. c3 O-O 12. Nxc6 Qxc6 13. Qe2 b5 14. Ne5 Qc7
15. Bd3 Bd6 16. f4 Bb7 17. a4 b4 18. Bd2 a5 19. c4 Bc5+ 20. Be3 Rfd8 21. Rad1
Rd6 22. Bc2 Rad8 23. Rxd6 Rxd6 24. Qf2 Bxe3 25. Qxe3 Qc8 26. Re2 g6 27. b3 Kg7
28. h3 Qc7 29. Kf2 Qd8 30. g3 Rd4 31. Nf3 Bxf3 32. Qxf3 h5 33. Qe3 h4 34. g4
Qd6 35. g5 Rxf4+ 36. Ke1 Ne8 37. Qe5+ Qxe5 38. Rxe5 Rf3 39. Rxa5 Rxh3 40. Rb5
Rg3 41. Kf2 Rc3 42. Bd1 h3 43. Rxb4 h2 44. Kg2 h1=Q+ 45. Kxh1 Rc1 46. a5 Rxd1+
47. Kg2 Ra1 48. Rb5 Nc7 49. Rb7 Na6 50. b4 Nxb4 51. Rxb4 Rxa5 52. Rb5 Ra4 $11
53. Rc5 Kf8 54. Kf3 Ke7 55. Rc7+ Kd6 56. Rxf7 Rxc4 57. Rf6 Ke5 58. Rxg6 Kf5 59.
Rf6+ 1/2-1/2